004440000a22001210004500090001700000245007800017041001400095700004100109100003000150942001300180773011200193999001700305 aASbSeriadas10aPteridófitos de la Colombia II. el género Pityrograma ()0 aEspañol1 aMurillo Pulido, María Teresa913901 aMurillo A., José916111 cARTICULO1 tRevista de la Academia Colombiana de Ciencias Exactas, Fisicas y Naturales332hSupl. Esp.q89-96d1999g23 c14229d14229